Le Flambeau - Statistics

General Stats
  • This quiz has been taken 74 times
  • The average score is 9 of 18
Answer Stats
indice Personnages % Correct
Ex pilote Marc
93%
La Flic Marina
75%
Cœur de gorille Soraya
75%
La moche Anne
72%
La femme de Couillaléré Châtaléré
68%
Chef des Mojitos Carole
63%
Le complotiste Yvan
63%
L'alcool c'est pas cool Patrice
63%
La puta de Marco Herve
61%
N'est pas vraiment pâtissier Marco
60%
Le pseudo-aventurier Phillipe
53%
Ne s'appelle pas Soso Soisson
51%
Trahit par son propre frère Jean Guy
35%
MAAAAAAAAAARC Alexendra
33%
A des problème de copropriété Dr Juiphe
32%
Pas_marc Williame
12%
Unijambiste Tony Tonique
5%
T'ouvre que c'est une aventure humaine Yannick
2%
No matching quizzes found
Score Distribution
Percent of People with Each Score
Percentile by Number Answered
Your Score History
You have not taken this quiz